01113nam a2200289Ia 450000500170000000800410001702000180005808200140007610000240009024501460011425000340026030000300029449000220032450000740034650500670042065000410048765000390052865000320056770000220059970000360062170000160065726400270067333600270070033700330072733800280076004000350078820220317001531.0161108s9999 xx 000 0 und d a978843446950104a109bC66h1 aCopleston, Federick10aHistoria de la filosofía, 1bde la Grecia antigua al mundo cristianocFrederick Copleston ; traducción de Juan Manuel García de la Mora a1a. edición, 4a impresión a442, 481 páginasc22 cm aAriel filosofía aIncluye bibliografía e índice onomástico al final de cada parte aTomo 1 : Grecia y Roma. -- Tomo. 2 : De San Agustín a Escoto142LEMBaFilosofía medievalvHistoria142LEMBaFilosofía GriegaxHistoria142LEMBaFilósofosxHistoria1 aGarcía Borrón1 aJuan Carlos García de la Mora1 aJuan Manuel aBarcelonabArielc2011 atextobtxt2rdacontent asin mediaciónbn2rdamedia avolumenbnc2rdacarrier aCO-BoRNBPbspaerdacCO-BoRNBP